Allende y el socialismo europeo

Saved in:
Bibliographic Details
Main Author: Bossle, Lothar (Author)
Format: Book
Language:Spanish
Published: Santiago Andrés Bello 1979
Subjects:
Tags: Add Tag
No Tags, Be the first to tag this record!

MARC

LEADER 00000nam a2200000 a 4500
001 UCV2059
003 CL-VaPUC
008 911004e19790000CL |||||||||||||||||spa|d
082 0 4 |a 335.5  |b BOS  |2 21 
100 0 |a Bossle, Lothar  |e author  |9 296277 
245 1 0 |a Allende y el socialismo europeo 
300 |a 110 p 
942 |c BK 
945 |d 19911004 00:00:00 
260 |a Santiago  |b Andrés Bello  |c 1979 
500 |a Anexos: Acuerdo de la Cámara de Diputados de Chile del 22 de agosto de 1973; Carta de los jóvenes socialistas del SPD del 5 de septiembre de 1973 a Salvador Allende 
600 0 |a Allende Gossens, Salvador,   |d 1908-1973  |9 257222 
650 0 |a Socialismo  |9 255260 
651 7 |a CHILE  |2 CL-VaPUC  |9 296278 
651 0 |a Europa  |9 255156 
583 |a last modification  |c 19911004 00:00:00  |k Rodrigo Vera 
999 |c 209747  |d 209745 
952 |0 0  |1 0  |4 0  |6 335_500000000000000_BOS_1979  |7 0  |8 A  |9 185446  |a BIBDER  |b BIBDER  |d 2019-11-14  |i 2529343  |o 335.5 BOS 1979  |p 2529343  |r 2023-01-25  |w 2019-11-14  |y BK  |k DER 
952 |0 0  |1 0  |4 0  |6 335_500000000000000_BOS_1979  |7 0  |8 A  |9 185447  |a BIBHIS  |b BIBHIS  |d 2019-11-14  |i 1250892  |l 1  |o 335.5 BOS 1979  |p 1250892  |r 2025-01-20  |s 2023-06-27  |w 2019-11-14  |y BK  |k HIS